=LDR 00000nam 2200000 4500 =001 INLIS000000000027749 =005 20130612130112 =008 ***********************************Ind** =035 ##$$0010-061300000027749 =041 ##$$a Ind =082 ##$$a 612.662 =090 ##$$a 612.662, Kel l =100 ##$$a Kelly, Tracey =245 ##$$a 50 rahasia alami meringankan sindrom pramentruasi, oleh Tracey Kelly ; penerjemah, Chefira Indah =260 ##$$a 2005 $b Jakarta =300 ##$$a 63 hlm, ilus, 22 cm =650 ##$$a Haid =700 ##$$a Inda, Chafera =850 ##$$a NBPNMAT =990 ##$$a 0001/BPAP-NTB/2016 =990 ##$$a 0001/BPAP-NTB/2016